header

Signal transduction by reactive oxygen and nitrogen species (Record no. 49193)

MARC details
000 -LEADER
fixed length control field 01334nam a2200325Ia 4500
245 00 - TITLE STATEMENT
Title Signal transduction by reactive oxygen and nitrogen species
260 ## - PUBLICATION, DISTRIBUTION, ETC. (IMPRINT)
Place of publication Dordrecht ;
-- Boston :
Name of publisher Kluwer Academic Publishers,
Year of publication c2003.
300 ## - PHYSICAL DESCRIPTION
Number of Pages xxii, 411 p. :
Other physical details ill.
650 #0 - SUBJECT ADDED ENTRY--TOPICAL TERM
Topical Term Cellular signal transduction.
Topical Term Active oxygen.
Topical Term Active nitrogen.
700 1# - ADDED ENTRY--PERSONAL NAME
Personal name Forman, Henry Jay.
Personal name Fukuto, Jon.
Personal name Torres, Martine.
856 40 - ELECTRONIC LOCATION AND ACCESS
Uniform Resource Identifier http://site.ebrary.com/lib/rucke/Doc?id=10067511

No items available.

© 2026 Rongo University
Contact us: librarian | system librarian | Rongo university